Determinación de las oportunidades de conservación de energía en la empresa Embutidos Zaragoza.

Saved in:
Bibliographic Details
Main Author: Valverde Gómez, Juan Carlos
Format: Book
Published: San José, Costa Rica 1990
Subjects:
Tags: Add Tag
No Tags, Be the first to tag this record!

MARC

LEADER 00000nam a2200000Ia 4500
003 005007
005 20221231144332.0
008 140114s1990 cr a 000 ||s d
040 |c cru CEDI 
090 |a TFG 2364 
100 |a Valverde Gómez, Juan Carlos  |9 12997 
245 |a Determinación de las oportunidades de conservación de energía en la empresa Embutidos Zaragoza. 
260 |c 1990  |a San José, Costa Rica 
300 |a  xii, 145 hojas : ilustraciones ; 28 cm  
500 |a  Proyecto de graduación (licenciatura en ingeniería química)--Universidad de Costa Rica. Facultad de Ingeniería. Escuela de Ingeniería Química 
650 |x REFINACION DEL PETROLEO  |9 12998 
942 |c TFG 
999 |c 20346  |d 20346